<?xml version="1.0" encoding="UTF-8"?>
<record
    xmlns:xsi="http://www.w3.org/2001/XMLSchema-instance"
    xsi:schemaLocation="http://www.loc.gov/MARC21/slim http://www.loc.gov/standards/marcxml/schema/MARC21slim.xsd"
    xmlns="http://www.loc.gov/MARC21/slim">

  <leader>01971cam a22003732i 4500</leader>
  <controlfield tag="001">0000312515</controlfield>
  <controlfield tag="003">DO-SdUNP</controlfield>
  <controlfield tag="005">20250408091038.0</controlfield>
  <controlfield tag="008">240125s2023     draeo        000 0 spa d</controlfield>
  <datafield tag="020" ind1=" " ind2=" ">
    <subfield code="c">$</subfield>
  </datafield>
  <datafield tag="040" ind1=" " ind2=" ">
    <subfield code="a">DO-SdUNP</subfield>
    <subfield code="b">spa</subfield>
    <subfield code="c">UNPHU-BC</subfield>
    <subfield code="e">rda</subfield>
  </datafield>
  <datafield tag="082" ind1="0" ind2="0">
    <subfield code="a">PGP-Ma 2023</subfield>
    <subfield code="b">C352e</subfield>
    <subfield code="2">22</subfield>
  </datafield>
  <datafield tag="100" ind1="1" ind2=" ">
    <subfield code="a">Castillo N&#xFA;&#xF1;ez, Yadal.</subfield>
    <subfield code="e">autor</subfield>
    <subfield code="4">aut.</subfield>
  </datafield>
  <datafield tag="245" ind1="1" ind2="0">
    <subfield code="a">Estudio de prefactibilidad para la construcci&#xF3;n de un centro cultural en la ciudad de Santo Domingo, Rep&#xFA;blica Dominicana en el a&#xF1;o 2022 /</subfield>
    <subfield code="c">Yadal Castillo N&#xFA;&#xF1;ez, Yordan Castillo  N&#xFA;&#xF1;ez ; asesora : Rahiana Aracena.</subfield>
  </datafield>
  <datafield tag="264" ind1=" " ind2="1">
    <subfield code="a">Santo Domingo, Rep&#xFA;blica Dominicana :</subfield>
    <subfield code="b">UNPHU,</subfield>
    <subfield code="c">2023.</subfield>
  </datafield>
  <datafield tag="300" ind1=" " ind2=" ">
    <subfield code="a">xiii, 121 hojas :</subfield>
    <subfield code="b">ilustraciones, gr&#xE1;ficas, fotos, tablas +</subfield>
    <subfield code="e">CD.</subfield>
  </datafield>
  <datafield tag="336" ind1=" " ind2=" ">
    <subfield code="a">texto</subfield>
    <subfield code="b">txt</subfield>
    <subfield code="2">rdacontent</subfield>
  </datafield>
  <datafield tag="337" ind1=" " ind2=" ">
    <subfield code="a">sin mediaci&#xF3;n</subfield>
    <subfield code="b">n</subfield>
    <subfield code="2">rdamedia</subfield>
  </datafield>
  <datafield tag="338" ind1=" " ind2=" ">
    <subfield code="a">volumen</subfield>
    <subfield code="b">nc</subfield>
    <subfield code="2">rdacarrier</subfield>
  </datafield>
  <datafield tag="502" ind1=" " ind2=" ">
    <subfield code="a">Tesis de Maestr&#xED;a (Maestr&#xED;a en Gerencia de Proyectos). -- Universidad Nacional Pedro Henr&#xED;quez Ure&#xF1;a. Vicerrector&#xED;a de Postgrado y Educaci&#xF3;n Continuada. Escuela de Postgrado, 2023.</subfield>
  </datafield>
  <datafield tag="504" ind1=" " ind2=" ">
    <subfield code="a">Bibliograf&#xED;a: h. 110-111.</subfield>
  </datafield>
  <datafield tag="505" ind1="8" ind2=" ">
    <subfield code="t">Introducci&#xF3;n --</subfield>
    <subfield code="t">Aspectos generales --</subfield>
    <subfield code="t">Marco te&#xF3;rico --</subfield>
    <subfield code="t">Marco metodol&#xF3;gico --</subfield>
    <subfield code="t">Presentaci&#xF3;n y discusi&#xF3;n resultados --</subfield>
    <subfield code="t">Conclusiones y recomendaciones --</subfield>
    <subfield code="t">Apendices.</subfield>
  </datafield>
  <datafield tag="506" ind1=" " ind2=" ">
    <subfield code="a">Solicitar material en Sala de Tesis, 1er nivel.</subfield>
  </datafield>
  <datafield tag="650" ind1=" " ind2="0">
    <subfield code="a">Gerencia de proyectos</subfield>
    <subfield code="v">Maestr&#xED;a</subfield>
    <subfield code="x">Tesis y disertaciones acad&#xE9;micas.</subfield>
    <subfield code="2">LEMB</subfield>
  </datafield>
  <datafield tag="650" ind1=" " ind2="0">
    <subfield code="a">Centro cultural</subfield>
    <subfield code="x">Construcci&#xF3;n.</subfield>
    <subfield code="2">LEMB</subfield>
  </datafield>
  <datafield tag="650" ind1=" " ind2="0">
    <subfield code="a">Estudio de factibilidad.</subfield>
    <subfield code="2">LEMB</subfield>
  </datafield>
  <datafield tag="650" ind1=" " ind2="0">
    <subfield code="a">Turismo</subfield>
    <subfield code="x">Estadisticas.</subfield>
    <subfield code="2">LEMB</subfield>
  </datafield>
  <datafield tag="700" ind1="1" ind2="0">
    <subfield code="a">Castillo N&#xFA;&#xF1;ez, Yordan.</subfield>
  </datafield>
  <datafield tag="700" ind1="1" ind2=" ">
    <subfield code="a">Aracena, Rahiana,</subfield>
    <subfield code="e">asesora.</subfield>
  </datafield>
  <datafield tag="710" ind1="2" ind2=" ">
    <subfield code="a">Universidad Nacional Pedro Henr&#xED;quez Ure&#xF1;a.</subfield>
    <subfield code="9">665</subfield>
  </datafield>
  <datafield tag="908" ind1=" " ind2=" ">
    <subfield code="a">240125</subfield>
  </datafield>
  <datafield tag="942" ind1=" " ind2=" ">
    <subfield code="2">ddc</subfield>
    <subfield code="c">TED</subfield>
    <subfield code="n">0</subfield>
  </datafield>
  <datafield tag="999" ind1=" " ind2=" ">
    <subfield code="c">13423</subfield>
    <subfield code="d">13423</subfield>
  </datafield>
  <datafield tag="952" ind1=" " ind2=" ">
    <subfield code="0">0</subfield>
    <subfield code="1">0</subfield>
    <subfield code="2">ddc</subfield>
    <subfield code="4">0</subfield>
    <subfield code="7">0</subfield>
    <subfield code="a">RII</subfield>
    <subfield code="b">RII</subfield>
    <subfield code="d">2025-04-08</subfield>
    <subfield code="l">0</subfield>
    <subfield code="r">2025-04-08 09:08:52</subfield>
    <subfield code="w">2025-04-08</subfield>
    <subfield code="y">TED</subfield>
  </datafield>
</record>
